00609 2200217 4500001002100000005001500021035002000036007000300056008004100059020002200100082001600122084002200138100001700160245002700177250002000204260006500224300003200289650002600321650002600347856001800373INLIS00000000000002420250710113143 a0010-0725000024ta250710 a 0 ind  a978-623-307-159-8 a398.209 598 a398.209 598 ERN s0 aErna fitrini1 aStreet /cErna fitrini aCetakan pertama aRawamangun :bBadan pengembangan dan pembinaan bahasa,c2022 a28 hlm. :bIkus. ;c29,7 cm 4aCerita anak-indonesia 4aLiterasi-bahan bacaan aTBM As suhada